| 000 | 00866nam a2200241 a 4500 | ||
|---|---|---|---|
| 001 | BRCA_7982 | ||
| 005 | 20190320210100.0 | ||
| 008 | 120314s1960----mx-####f##---#000-0#spa-# | ||
| 041 | _aspa | ||
| 044 | _amx | ||
| 050 | 4 |
_aKGF1168 _b.ES79 _c1960 |
|
| 110 | 2 |
_aClub de Banqueros de México, A.C. _919797 |
|
| 245 | 1 | 0 |
_aEstatutos y reglamentos del Club de Banqueros de México A.C. _cClub de Banqueros de México. |
| 260 |
_aMéxico _bHernández Impresores _c1960 |
||
| 300 |
_a48 p. _c15 cm. |
||
| 500 | _a3013 | ||
| 500 | _aLibro publicado con un anexo que incluye un directorio del Consejo, Comité y miembros asociados | ||
| 500 | _aMaterial inventariado por el Banco de México | ||
| 650 | 1 | 4 |
_aEstatutos y reglamentos _vAsociaciones civiles _zMéxico _919798 |
| 650 | 1 | 4 |
_aDirectorios _vAsociaciones civiles _zMéxico _919799 |
| 902 | _aGFM | ||
| 942 |
_2lcc _cB |
||
| 999 |
_c7651 _d7651 |
||